|
|
|
|
| LEADER |
00000cam a2200000 7i4500 |
| 001 |
0000000222 |
| 005 |
20011123.0 |
| 020 |
0 |
0 |
|a 9837203595
|
| 090 |
0 |
0 |
|a 158.1
|b SHE 1999
|
| 100 |
0 |
0 |
|a SHERINA
|
| 245 |
1 |
0 |
|a Usaha yang terancang; jilid dua :
|b Sifat kepimpinan; falsafah yang dipelopori Napoleon Hill
|c 1999
|
| 260 |
0 |
0 |
|a Kuala Lumpur :
|b Golden Bookds Centre ,
|c 1999
|
| 300 |
|
|
|a xi, 375 p. ;
|c 21 cm.
|
| 440 |
0 |
0 |
|a Siri rukun kejayaan
|
| 650 |
0 |
0 |
|a Achievement motivation
|
| 650 |
0 |
0 |
|a Success
|x Psychological aspects
|
| 998 |
|
|
|a JPSM
|
| 999 |
|
|
|a 0000001280
|b Monograph
|c Open Shelf
|e Default branch
|